000 00529nam a2200193 a 4500
001 000021803
003 DO-SdBNP
005 20230317150110.0
007 ta
008 100913s1971 dr 000 0 spa d
040 _aDO-SdBNP
_bspa
_cBNPHU
082 4 _bR823
_222
100 1 _aRoss Gordon A.
_945288
245 1 0 _aGuía para mejorar la agricultura dominicana /
_cGordon A Ross.
260 _aSanto Domingo :
_bAmigo del Hogar,
_c1971.
300 _a323 p. ;
_c22 cm.
590 _aInventariado, 2023/BT
942 _2ddc
_cLBS1
999 _c21301
_d21301